00828nam a2200181 a 4500003000200000005001700002008004100019050002800060100002300088245015700111260009200268300004000360504004100400650005600441650005300497650005100550650004500601020250414090549.0970101s19uu xx 00 eng d aPGS HQ 755.8b.K19 2004 aKataoka, MacKevin. aThe quality of communication between parents and grade six students of Southville International School and Colleges (SY 2003-2004) /cMacKevin Kataoka. aLas Piñas City, Philippines : bSouthville International School and Colleges,c2004. a22 pages :billustrations ;c28 cm. aIncludes bibliographical references. aParent-child communicationvGrade school students.  aCommunicationvEffects on emotional development. aParental involvementvChildren’s well-being. aInterpersonal communication in children.